| 000 | 00624nam a2200205 a 4500 | ||
|---|---|---|---|
| 005 | 20231021063621.0 | ||
| 008 | 030305s1999 mx r 000 0 spa d | ||
| 020 | _a8478808116 | ||
| 035 | _aUPN01000122524 | ||
| 049 | _aCG | ||
| 050 | 4 |
_aLB1049 _bT5.2 |
|
| 100 | 1 |
_aTierno Jiménez, Bernabé, _d1940- _933825 |
|
| 245 | 1 | 4 |
_aLas mejores técnicas de estudio : _bSaber leer, tomar apuntes y preparar exámenes / _cBernabé Tierno. |
| 260 |
_aMadrid : _bTemas de hoy, _c1999. |
||
| 300 | _a245 p. | ||
| 440 | 0 | _aVivir mejor | |
| 440 | 0 | _aBiblioteca Bernabé Tierno | |
| 650 | 4 |
_aMétodos de estudio _94280 |
|
| 905 | _aLibro | ||
| 999 |
_c94711 _d94711 |
||